00294nam a22001217a 4500020001800000082001500018100002000033245003500053250000800088260002600096300001500122650003500137 a9788131704417 a530.12 LIB aLiboff, Richard aINTRODUCTION QUANTUM MECHANICS a4th aIndia bPearsonc2018 axvii,878 P aIntroduction Quantum Mechanics